000 00841cab a2200253 4500
001 WB3507-12
008 090401t1999 xxu||||| |||| 00| 0 eng d
035 _a(Sirsi) u91352
041 _aeng
245 _aCanary Wharf tipped for flotation
260 _c1999
350 _a0
490 _aFinancial Times
_v15 February 1999, 1
490 _aIndependent
_v16 February 1999, 16(2)
520 _aThe owners of Canary Wharf are considering an initial public offering (IPO) this spring to finance the completion of a project that could be worth up to £4bn.
650 _aCANARY WHARF
650 _aDOCKLANDS
650 _aFLOTATION
650 _aINITIAL PUBLIC OFFERING
650 _aOFFICE DEVELOPMENT
690 _aPROPERTY-COMMERCIAL PROPERTY-COMMERCIAL PROPERTY FINANCE AND INVESTMENT
942 _n0
948 _c16/02/1999
999 _c57979
_d57979